000 00378nam a2200133Ia 4500
008 210210b1967 xxu||||| |||| 00| 0 eng d
082 _a158.1 LECH
100 _aLECRON (Leslie M).
245 _aHow to make the next ten years the best years of your life.
260 _aBombay
_bJaico Publishing House
_c1967
300 _aj-146
690 _aApplied Psychology
906 _a028469
999 _c79715
_d79715